Be a confident winner [ a subliminal learning program

Bibliographic Details
Main Author: Waitley, Denis
Format: Book
Published: Illinois : Nightingale-Conant Audio , 19--
Subjects:

MARC

LEADER 00000cam a2200000 7i4500
001 0000001412
002 000001552
005 20021021.0
020 |a 155525277X 
090 0 0 |a 158   |b WAI 
100 1 |a Waitley, Denis 
245 1 0 |a Be a confident winner [  |h sound recording] :   |b a subliminal learning program   |c Denis Waitley and Thomas Budzynski 
260 |a Illinois :   |b Nightingale-Conant Audio ,   |c 19-- 
300 |a 1 sound cassette [60 minutes] 
650 0 0 |a Subliminal learning program   |x Success   |x Self-esteems 
999 |a 00018   |b KASET   |c KOLEKSI AUDIO VIDEO   |e PERPUSTAKAAN KOMUNITI PETALING JAYA